| 000 | 00358nam a22001217a 4500 | ||
|---|---|---|---|
| 999 |
_c515136 _d515136 |
||
| 082 | _aTNC AB45X54 J199 | ||
| 100 |
_aJain, Indu _920269 |
||
| 245 | _aEncyclopedia of Indian Saints and Sages | ||
| 260 |
_aNew Delhi _bBennett, coleman _c2019 |
||
| 300 | _a264p. | ||
| 440 |
_v2 vol. _920270 |
||
| 650 |
_aSaints-India, India-Religion-Social aspects Hinduism _920271 |
||